Statistiques concernant Quiz sur la ville de dunkerque

Cliquez ici pour prendre le quiz!

Statistiques générales

  • Ce quiz a été pris 16 fois
  • Le résultat moyen est 7 sur 15

Statistiques - réponses

HintRéponse% Correct
Nom des habitants de DunkerqueDunkerquois
100%
Departement dans lequel se trouve la villeNord
93%
Célèbre fête costumer durant 4 mois dans tout le nordCarnaval
80%
Corsaire célèbre de dunkerque sauvant la France de la famine
lors du règne de Louis XIV
Jean bart
80%
Nom de la plage de DunkerqueMalo les bains
67%
Realisateur du celebre film DunkerqueChristopher Nolan
60%
Nom de l'equipe de handball de Dunkerque championne d'europeUSDK
47%
Equipe de foot de dunkerque en ligue 2USLD
47%
Usine international d'huile de DunkerqueLesieur
40%
Nom des bâtiment construit par les Allemand lors du débarquement
de la seconde guerre mondiale
Blockhaus
33%
Ancien maire de Dunkerque maintenant ministrePatrice Vergriete
27%
celebre fort construit dans les dunes par Vauban pour le roiFort des dunes
20%
Date de creation du mot Dunkerque1067
7%
Date de la creation de la ville de Dunkerque960
7%
Nom du compte qui créa DunkerqueBaudoin III
7%

Distribution des résultats

Percentile par nombre de réponses

% des personnes avec chaque résultat

Votre développement - résultats

Vous n’avez pas pris ce quiz